000 00286nam a2200121 a 4500
005 20140414131950.0
008 110202s19uu xx 00 eng d
050 _aTR 372.7
_bH76 1991
100 _aHoffer, Alan
245 _aMathematics in action.
999 _c112775
_d112775